000 00547nam a2200193 a 4500
005 20140310183341.0
008 061128s19uu xx 00 eng d
020 _a0071253572
050 _aHD 58.7
_b.Or68 2007
100 _aNewstrom, John W.
245 _aOrganizational behavior :
_bhuman behavior at work /
_cJohn W. Newstrom.
250 _a12th ed.
260 _aBoston :
_bMcGraw-Hill,
_c2007.
300 _a505 p. :
_bill. ;
_c26 cm.
521 _aBSBA
650 _aOrganizational behavior.
942 _cBK
_2lcc
_kFOR
999 _c21800
_d21800